000 00361nam a22001577a 4500
003 MACL
005 20160115154948.0
008 160115b xxu||||| |||| 00| 0 eng d
040 _cMACL
041 _aEnglish
082 _a080
245 _aQuotes Of Gandhi 25 Years
260 _aNew Delhi
_bUBS Publishers
650 _aMotivation
_917135
942 _2ddc
_cBK
999 _c52485
_d52485